STEM CELL BIOENGINEERING AND TISSUE REGENERATION (Record no. 216220)

MARC details
000 -LEADER
fixed length control field 00475nam a22001577a 4500
008 - FIXED-LENGTH DATA ELEMENTS--GENERAL INFORMATION
fixed length control field 251120b |||||||| |||| 00| 0 eng d
020 ## - INTERNATIONAL STANDARD BOOK NUMBER
International Standard Book Number 979-8-88715-034-5
100 ## - MAIN ENTRY--PERSONAL NAME
Personal name GR4IFFIN, MARGRETTE E.
245 ## - TITLE STATEMENT
Title STEM CELL BIOENGINEERING AND TISSUE REGENERATION
260 ## - PUBLICATION, DISTRIBUTION, ETC.
Place of publication, distribution, etc. DUBLIN
Name of publisher, distributor, etc. ORYSON PRESS
Date of publication, distribution, etc. 2023
300 ## - PHYSICAL DESCRIPTION
Extent V, 328P.
500 ## - GENERAL NOTE
General note INCLUDES INDEX
650 ## - SUBJECT ADDED ENTRY
Topical term or geographic name entry element 1.STEM CELLS 2. TISSUE ENGINEERING 3. REGERATIVE MEDICINE
942 ## - ADDED ENTRY ELEMENTS (KOHA)
Source of classification or shelving scheme Library of Congress Classification
Koha item type Long Loan Book
Holdings
Withdrawn status Lost status Source of classification or shelving scheme Damaged status Not for loan Collection Home library Current library Shelving location Date acquired Inventory number Total checkouts Full call number Barcode Date last seen Copy number Price effective from Koha item type
    Library of Congress Classification     Science & Technology Kisii University Library Kisii University Library On Display 11/20/2025 109875   R 857 T55G75 2023 000000020590 11/20/2025 C.1 11/20/2025 Long Loan Book
    Library of Congress Classification     Science & Technology Kisii University Library Kisii University Library On Display 11/20/2025 109876   R 857 T55G75 2023 000000020591 11/20/2025 C.2 11/20/2025 Long Loan Book
    Library of Congress Classification     Science & Technology Kisii University Library Kisii University Library On Display 11/20/2025 109877   R 857 T55G75 2023 000000020592 11/20/2025 C.3 11/20/2025 Long Loan Book
    Library of Congress Classification     Science & Technology Kisii University Library Kisii University Library On Display 11/20/2025 109878   R 857 T55G75 2023 000000020593 11/20/2025 C.4 11/20/2025 Long Loan Book